000 00269nam a22001217a 4500
008 170628b xxu||||| |||| 00| 0 eng d
041 _aeng
080 _a82
100 _a21
101 _aGJL
245 _aAN ANTHOLOGY OF GREEK DRAMA
_cROBINSON,C.A
942 _2udc
_cBK
999 _c19325
_d19325